Vulgar lengua

Bewaard in:
Bibliografische gegevens
Hoofdauteur: Pasolini, Pier Paolo (autor)
Formaat: Boek
Taal:Spaans
Gepubliceerd in: s.l Kadmos 2017
Editie:1a. ed
Onderwerpen:
Tags: Voeg label toe
Geen labels, Wees de eerste die dit record labelt!

MARC

LEADER 00000cam a2200000 a 4500
001 UCC1002
003 CL-VaPUC
008 170922e20170000sp |||||||||||||||||spa|d
020 |a 9788494321788 
082 0 4 |a 791.4309  |b PAS  |2 21 
100 |a Pasolini, Pier Paolo  |e autor  |9 880852 
245 1 0 |a Vulgar lengua 
250 |a 1a. ed 
300 |a 120 p 
942 |c BK 
945 |d 20170922 16:51:00  |a dcastane 
260 |a s.l  |b Kadmos  |c 2017 
650 0 |a Directores de cine  |9 368705 
650 0 |a Biografías  |9 255210 
650 7 |a REALIZADORES CINEMATOGRAFICOS  |2 CL-VaPUC  |9 355120 
650 0 |a Cine italiano  |9 267409 
583 |a last modification  |c 20170922 16:51:00  |k Rodrigo Vera 
999 |c 369601  |d 369599 
952 |0 0  |1 0  |3 erb  |4 0  |6 791_430900000000000_PAS_2017  |7 0  |8 A  |9 485525  |a BIBART  |b BIBART  |i 5424836  |l 3  |m 3  |o 791.4309 PAS 2017  |p 5424836  |r 2025-03-13  |s 2024-08-07  |w 2019-11-24  |y BK  |z Catalogado en:20170922  |k ART